000 00424nam a2200181Ia 4500
005 20250603145055.0
008 250603s9999 xx 000 0 und d
020 _a9780367754433
050 _aRJ 101 .M87/
100 _aMusgrave, Jackie
245 0 _aHealth and wellbeing for babies and children
260 _aLondon
260 _bRoutledge
260 _c2024
300 _a209 p
650 _aLondon
942 _cBK
999 _c40788
_d40788